Know Your Definitions Quiz Stats

 Plays Quiz Updated Oct 18, 2014

Challenge
Share
Tweet
Embed
Score 0/30 Timer 05:00
1 Play Today
% Correct
Walk
95.9%
Island
95.6%
Drink
95.3%
Quiet
95.2%
Burn
95.2%
Laundry
95.1%
Click
95.1%
Crowd
94.7%
Quiz
94.6%
Loose
93.9%
Weed
93.3%
Hobby
93.3%
Fan
93.2%
Dark
93%
Poison
92.7%
% Correct
Thunder
92.4%
Fall
92.3%
Teach
92.2%
Last
92%
Sharp
91.7%
Bounce
91.4%
Lose
90.5%
Then
89.4%
Wait
88.4%
Music
87.5%
Job
87.1%
Too
86.1%
Beautiful
86%
Mystery
81%
Dictionary
80.9%

You're not logged in!

Compare scores with friends on all Sporcle quizzes.
Join for Free
OR
Log In

You Might Also Like...

Show Comments

Extras

Top Quizzes Today


Score Distribution

Your Account Isn't Verified!

In order to create a playlist on Sporcle, you need to verify the email address you used during registration. Go to your Sporcle Settings to finish the process.

Report this User

Report this user for behavior that violates our Community Guidelines.

Details: